000 02198nam a2200301 a 4500
001 BRCA_8493
003 FranzMayer
005 20230724103346.0
008 140616s1753----sp-#######---#000-0#spa-#
040 _aMFM
_besp
_cMFM
041 _aspa
044 _asp
084 _aBE9
_b.C63 1753
100 1 _aCodorniu, Antonio
_d1699-1770
_921285
245 1 0 _aPractica de la palabra de Dios en una cuaresma entera, con duplicadas y correspondientes doctrinas
_cpor el P. Antonio Codorniu de la Compañía de Jesús.
260 _aGerona
_bpor Antonio Oliva, impressor, y librero en la calle de las Ballesterías
_c1753
300 _a[40], 411 p. (t.1)
_c21 x 15 cm.
500 _aEn portada : Dirigida a los señores curas y ministros del Santo Evangelio. Dedicada a la piadosa y tierna memoria del ILmo. Sr. Don Pedro Copons, y de Copons, Arzobispo de Tarragona, Primado de las Españas, &c.
500 _aEstado físico : lomo desprendido, costuras flojas, hojas manchadas y de la pág. 95 a la 287 dañadas por un insecto
500 _aCon marca de fuego : ´Procedencia de la marca: Convento de San Francisco Santa María del Pueblito de Querétaro. Institución: Orden de Frailes Menores. Provincia de San Pedro y San Pablo de Michoacán. Descripción: Monograma conformado por las iniciales ´P´, ´u´, ´E´ seguidas de ´b´, ´I´, ´T´ y ´o´ que se desata como Pueblito (2) dentro de un filete en forma de rombo. Observaciones: Krausse la incluye entre las marcas no identificadas. David Saavedra la identifica como del Convento Franciscano de Santa María del Pueblito, Villa Corregidora de Querétaro. Con el testimonio de pertenencia ubicado en este ejemplar se corrobora la atribución realizada por David Saavedra. Ubicación de la marca en el libro: Canto superior, inferior y lateral´
650 1 4 _aIglesia católica
_xSermones
_921286
650 1 4 _aCuaresma
_xSermones
_921287
650 1 4 _aIglesia católica
_915525
700 1 _aOliva, Antonio
_921288
856 _ahttp://www.marcasdefuego.buap.mx:8180/xmLibris/projects/firebrand/item.jsp?repository=marcas_de_fuego&key=marcas_de_fuego_franciscanas_20150618135223_2ccc.xml&num=0
902 _aCFM
942 _2lcc
_cB
999 _c8160
_d8160